Normal view
MARC view
- IBM Personal Computer -- Programming
Entry Topical Term
001 - CONTROL NUMBER
- control field: 3537
003 - CONTROL NUMBER IDENTIFIER
- control field: JO-AjAnu
005 - DATE AND TIME OF LATEST TRANSACTION
- control field: 20230606070901.0
008 - FIXED-LENGTH DATA ELEMENTS
- fixed length control field: 230606|| aca||aabn | a|a d
040 ## - CATALOGING SOURCE
- Original cataloging agency: JO-AjAnu
- Transcribing agency: JO-AjAnu
150 ## - HEADING--TOPICAL TERM
- Topical term or geographic name entry element: IBM Personal Computer -- Programming
670 ## - SOURCE DATA FOUND
- Source citation: Work cat.: (JO-AjAnu)1846: Irvine , Kip R. , author 3536, Assembly language for intel-based computerse.